| 000 | 00411nam a22001337a 4500 | ||
|---|---|---|---|
| 082 |
_a346.6 _bGUP |
||
| 100 | _aGupta, R.K. | ||
| 245 |
_aBharat's Guide to DEEDS & Documentations with Comments, Checklist & Precedents / _cR.K. Gupta |
||
| 260 |
_aNew Delhi : _bBharat's Publishing House, _c2023. |
||
| 300 | _a1832 p. | ||
| 563 | _aHB. | ||
| 650 |
_aLaw, DEEDS & Documentations _9128160 |
||
| 942 |
_2ddc _cBK |
||
| 999 |
_c613202 _d613202 |
||